| 000 | 00435 a2200169 4500 | ||
|---|---|---|---|
| 001 | 067850 | ||
| 003 | OSt | ||
| 005 | 20220106161837.0 | ||
| 008 | |||
| 082 |
_a325.3 _bM15P |
||
| 100 | 1 | _aMcEwan, Cheryl | |
| 245 | 1 |
_aPostcolonialism and development _cby Cheryl McEwan |
|
| 260 |
_aLondon _bRoutledge _c2009 |
||
| 300 | _a354p. | ||
| 653 | _aPostcolonialism; Developing countries | ||
| 942 |
_2ddc _cBK |
||
| 999 |
_c1708 _d1708 |
||